What is sociology? : (Record no. 473)
[ view plain ]
| 000 -LEADER | |
|---|---|
| fixed length control field | 00905cam a22002532 4500 |
| 001 - CONTROL NUMBER | |
| control field | 0000003116 |
| 005 - DATE AND TIME OF LATEST TRANSACTION | |
| control field | 20151021151100.0 |
| 008 - FIXED-LENGTH DATA ELEMENTS--GENERAL INFORMATION | |
| fixed length control field | 070427s xx 000 0 eng d |
| 020 ## - INTERNATIONAL STANDARD BOOK NUMBER | |
| International Standard Book Number | 812030117X : |
| Terms of availability | KES 200 |
| 040 ## - CATALOGING SOURCE | |
| Original cataloging agency | KABU |
| Transcribing agency | KABU |
| 050 #0 - LIBRARY OF CONGRESS CALL NUMBER | |
| Classification number | HM66 |
| Item number | .I55 1964 |
| 100 1# - MAIN ENTRY--PERSONAL NAME | |
| Personal name | Inkeles, Alex, |
| Dates associated with a name | 1920-. |
| -- | 0000073625 |
| 245 10 - TITLE STATEMENT | |
| Title | What is sociology? : |
| Remainder of title | an introduction to the discipline and profession. |
| 260 ## - PUBLICATION, DISTRIBUTION, ETC. (IMPRINT) | |
| Place of publication, distribution, etc. | New Delhi : |
| Name of publisher, distributor, etc. | Prentice-Hall of India, |
| Date of publication, distribution, etc. | [1964] |
| 300 ## - PHYSICAL DESCRIPTION | |
| Extent | viii, 120 p. ; |
| Dimensions | 23 cm. |
| 440 #0 - SERIES STATEMENT/ADDED ENTRY--TITLE | |
| Title | Prentice-Hall foundations of modern sociology series. |
| -- | 0000073626 |
| 500 ## - GENERAL NOTE | |
| General note | Bibliography: p. 118. |
| 650 #0 - SUBJECT ADDED ENTRY--TOPICAL TERM | |
| Topical term or geographic name as entry element | Sociology. |
| -- | 0000099021 |
| 908 ## - PUT COMMAND PARAMETER (RLIN) | |
| Put command parameter | 070427 |
| 950 ## - LOCAL HOLDINGS (RLIN) | |
| -- | 1 |
| Withdrawn status | Lost status | Source of classification or shelving scheme | Not for loan | Home library | Current library | Date acquired | Total Checkouts | Full call number | Barcode | Date last seen | Price effective from | Koha item type | Date last checked out |
|---|---|---|---|---|---|---|---|---|---|---|---|---|---|
| Library of Congress Classification | Kabarak, Main Campus | Kabarak, Main Campus | 17/12/2015 | 3 | HM66 .I55 1964 c.3 | 012166 | 15/06/2019 | 17/12/2015 | General Collection | 31/05/2019 | |||
| Library of Congress Classification | Kabarak, Main Campus | Kabarak, Main Campus | 17/12/2015 | HM66 .I55 1964 c. 1 | 010439 | 17/12/2015 | 17/12/2015 | General Collection | |||||
| Library of Congress Classification | Kabarak, Main Campus | Kabarak, Main Campus | 17/12/2015 | HM66 .I55 1964 c. 4 | 012167 | 17/12/2015 | 17/12/2015 | General Collection | |||||
| Library of Congress Classification | Kabarak, Main Campus | Kabarak, Main Campus | 17/12/2015 | HM66 .I55 1964 c. 5 | 012168 | 17/12/2015 | 17/12/2015 | General Collection | |||||
| Library of Congress Classification | Kabarak, Nakuru City Campus | Kabarak, Nakuru City Campus | 21/10/2015 | HM66 .I55 1964 c. 3 | 003097 | 21/10/2015 | 21/10/2015 | General Collection | |||||
| Library of Congress Classification | Kabarak, Nakuru City Campus | Kabarak, Nakuru City Campus | 21/10/2015 | HM66 .I55 1964 c. 1 | 012221 | 21/10/2015 | 21/10/2015 | General Collection | |||||
| Library of Congress Classification | Kabarak, Nakuru City Campus | Kabarak, Nakuru City Campus | 21/10/2015 | HM66 .I55 1964 c. 2 | 012222 | 21/10/2015 | 21/10/2015 | General Collection |